| 000 | 00384nam a2200133 a 4500 | ||
|---|---|---|---|
| 001 | 000015722 | ||
| 005 | 20200929164129.0 | ||
| 008 | 100217s2004 dr r 000 0 spa d | ||
| 040 |
_aDO-SdBNP _bspa _cBNPHU |
||
| 082 |
_axxxx _bO329 |
||
| 245 | 0 | 0 |
_aOficina Nacional de Presupuesto : _bInforme de Gestión 2000-2004. |
| 260 |
_aSanto Domingo : _bBúho, _c2004. |
||
| 300 |
_a86 p. ; _c31 cm. |
||
| 999 |
_c15272 _d15272 |
||